000 00824nas a2200277 4500
001 BR0801145
003 BR-BrBNA
005 20231205111654.0
007 ta
008 230509b bl.|||p| |||| 00| 00por d
040 _aBR-BrBNA
_bpor
_cBiblioteca Nacional de Agricultura
041 _a(Pt)
072 _aL60
100 1 _aCoelho, S.M.P.
245 1 _aPhaonia Robineau-Desvoidy (Diptera, Muscidae, Phaoniinae)ll.Revisão das espécies neotropicais
650 _aINSETO
650 _aTAXONOMIA ANIMAL
650 _aESPÉCIE
650 _aDIPTERO
650 _aMOSCA DOMÉSTICA
650 _aMUSCIDAE
650 _aPHAONIA
773 0 _tRevista Brasileira de Zoologia (Brazil)
_xISSN 0101-8175
_g(Sep 2000), v. 17(3) p. 795-875
_wBR0801145
909 _a202311
_bLúcia
_c55
_dLúcia Elande
942 _2AGRIS
_n0
_cANA
999 _c193877
_d193877